| 000 | 00605pam a2200217 a 4500 | ||
|---|---|---|---|
| 020 | _c1476.00 (Hard Cover) | ||
| 040 | _aDental College Lib | ||
| 041 |
_aeng _h |
||
| 082 |
_a617.645 _bRAP |
||
| 100 | _aRapp, Robert. | ||
| 245 |
_aColor Atlas of Clinical Conditions in Paedodontics / _c. _hTextual Documents |
||
| 250 |
_a1st ed / _b. |
||
| 260 |
_aLondon : _bWolfe Medical Publications Ltd , _c1979. |
||
| 300 |
_a542 ; _c31x22. |
||
| 365 | _a1476.00 | ||
| 653 | _aPedodontics | ||
| 700 | _aWinter, Gerald B. | ||
| 930 | _a854 | ||
| 999 |
_c40257 _d40257 |
||